000 00643nam a2200169 a 4500
001 000035095
005 20200930074112.0
008 111025s1909 sp 000 0 spa d
040 _aDO-SdBNP
_bspa
_cBNPHU
082 _axxxx
_bM779p
100 1 _aMonetesinos, Eduardo
_960760
245 1 0 _aPura la cantaora :
_bsainete lírico en un acto, dividido en cinco cuadros, en versos y prosa, original /
_cEduardo Monetesinos, Fernando Porset; música Pablo Luna.
260 _aMadrid :
_bR. Velasco, impresor, Marqués de Santa Ana,
_c1909.
300 _a[47 p.] ;
_c20 cm.
700 1 2 _aPorset, Fernando
_960761
700 1 2 _aLuna, Pablo,
_emús.
_960762
999 _c34586
_d34586